[Event "1. OEsterreichische Internet Schach Meisterschaft - Vorrunde 3"]
[Site "Online - Playchess.com"]
[Date ""]
[Round "1"]
[Board "30"]
[White "Fuchs, Georg"]
[Black "Leisenberger, Harald"]
[Result "0-1"]
[WhiteElo "2211"]
[BlackElo "2144"]
[PlyCount "176"]
[EventDate "2020.04.17"]
[EventRounds "9"]
[EventCountry "AUT"]

1. e4 d5 2. exd5 Qxd5 3. Nc3 Qd6 4. Nf3 Nf6 5. d4 c6 6. Be2 Bg4 7. O-O e6 8. Bg5
Be7 9. Ne5 Bxe2 10. Nxe2 O-O 11. c3 h6 12. Bh4 Nbd7 13. Bg3 Qd5 14. Nf4 Qa5 15. b4
Qd8 16. Nh5 a5 17. a3 Nxh5 18. Qxh5 Bf6 19. f4 Kh7 20. Nxf7 Qe8 21. Ng5+ Bxg5 22.
Qxe8 Raxe8 23. fxg5 hxg5 24. bxa5 Nf6 25. Bd6 Rf7 26. Rab1 Rd7 27. Be5 Nd5 28. c4
Ne3 29. Rfc1 Nf5 30. a6 bxa6 31. Rb6 Nxd4 32. Bxd4 Rxd4 33. Rxc6 a5 34. c5 Rb8 35.
Rd6 Rxd6 36. cxd6 Kg6 37. Kf2 Rb2+ 38. Ke3 Kf6 39. Rf1+ Ke5 40. d7 Rb8 41. Rd1 Rd8
42. g4 Kf6 43. Ke4 Ke7 44. Rb1 Rxd7 45. Rb5 Rd2 46. h3 Kf6 47. Rxa5 Rh2 48. Ra7 Rxh3
49. a4 Ra3 50. a5 Ra4+ 51. Kf3 g6 52. a6 Ke5 53. Ra8 Ra3+ 54. Kf2 Kf4 55. a7 Kxg4
56. Ke2 Kg3 57. Kf1 g4 58. Ke2 Kg2 59. Rg8 Rxa7 60. Rxg6 Ra2+ 61. Ke3 g3 62. Rxe6
Ra1 63. Ke2 Kg1 64. Rg6 g2 65. Rg5 Rf1 66. Rg4 Rf8 67. Rg7 Re8+ 68. Kf3 Rf8+ 69.
Ke2 Rf5 70. Rg6 Kh2 71. Rh6+ Kg3 72. Rg6+ Kh3 73. Rh6+ Kg4 74. Rg6+ Kh3 75. Rh6+
Kg3 76. Rg6+ Kh2 77. Rh6+ Kg1 78. Rg6 Rf2+ 79. Ke1 Ra2 80. Rg8 Kh2 81. Rh8+ Kg3 82.
Rg8+ Kh2 83. Rh8+ Kg1 84. Rg8 Ra4 85. Ke2 Rh4 86. Kf3 Rh3+ 87. Ke2 Kh1 88. Kf2 Rh7
 0-1

[Event "1. OEsterreichische Internet Schach Meisterschaft - Vorrunde 3"]
[Site "Online - Playchess.com"]
[Date ""]
[Round "1"]
[Board "31"]
[White "Schroettner, Tobias Julian"]
[Black "Hiermann, Dietmar"]
[Result "0-1"]
[WhiteElo "1503"]
[BlackElo "2250"]
[PlyCount "104"]
[EventDate "2020.04.17"]
[EventRounds "9"]
[EventCountry "AUT"]

1. e4 e5 2. Nf3 Nc6 3. d4 exd4 4. Nxd4 Nf6 5. Nxc6 bxc6 6. e5 Qe7 7. Qe2 Nd5 8. c4
Nb6 9. b3 a5 10. a3 Ba6 11. Nd2 a4 12. b4 g6 13. Bb2 Bg7 14. Rc1 O-O 15. Qe3 Rfe8
16. Nf3 d6 17. Be2 Nd7 18. O-O Nxe5 19. Nxe5 Bxe5 20. Bxe5 Qxe5 21. Qxe5 Rxe5 22.
Bf3 Bb7 23. b5 Rc5 24. Rfe1 Kf8 25. Re2 Re8 26. Rxe8+ Kxe8 27. Re1+ Kd7 28. Bg4+
f5 29. bxc6+ Bxc6 30. Be2 Re5 31. Kf1 f4 32. f3 Ke7 33. Rd1 Bd7 34. Bd3 Be6 35. Rb1
Re3 36. Be2 Rxa3 37. Rb7 Kd7 38. Rb4 Ra1+ 39. Kf2 a3 40. Bd3 Rc1 41. Ra4 Rc3 42.
Be2 Kc6 43. Ke1 Kc5 44. Kd2 Re3 45. Bd3 c6 46. Rxa3 Kb4 47. Rc3 Bf5 48. Bxf5 Rxc3
49. Be6 Rxc4 50. Bxc4 Kxc4 51. Kc2 Kd4 52. Kd2 c5  0-1

[Event "1. OEsterreichische Internet Schach Meisterschaft - Vorrunde 3"]
[Site "Online - Playchess.com"]
[Date ""]
[Round "1"]
[Board "32"]
[White "Pali, Philipp"]
[Black "Steiner, Adam"]
[Result "0-1"]
[WhiteElo "2245"]
[BlackElo "2251"]
[PlyCount "206"]
[EventDate "2020.04.17"]
[EventRounds "9"]
[EventCountry "AUT"]

1. c4 c6 2. Nf3 d5 3. g3 Nf6 4. Bg2 Bg4 5. Ne5 Be6 6. cxd5 Bxd5 7. Nf3 c5 8. Nc3
Bc6 9. O-O e6 10. d3 Be7 11. Be3 O-O 12. Rc1 b6 13. h3 Nbd7 14. d4 cxd4 15. Bxd4
Rc8 16. Qd2 Nc5 17. Qe3 Ba8 18. Rfd1 Qc7 19. b4 Ncd7 20. a3 Rfd8 21. Nb5 Qb7 22.
Ne1 Qb8 23. Nf3 Nd5 24. Qb3 Rxc1 25. Rxc1 Rc8 26. Qb2 Rxc1+ 27. Qxc1 a6 28. Nc3 Nxc3
29. Qxc3 Bf6 30. Bxf6 Nxf6 31. Qc4 b5 32. Qd4 h6 33. Ne5 Bxg2 34. Kxg2 Qb7+ 35. f3
Qc7 36. g4 Nd5 37. Nd3 Qc2 38. Kf2 Nc3 39. Qe5 Nd1+ 40. Kf1 Qd2 41. Nc5 Ne3+ 42.
Kf2 Nc4 43. Qb8+ Kh7 44. Qb7 Qe3+ 45. Kf1 Nd2+ 46. Ke1 Nc4 47. Qe4+ Qxe4 48. Nxe4
Nxa3 49. Nc5 Nc2+ 50. Kd2 Nxb4 51. Kc3 Nd5+ 52. Kd4 Nc7 53. Ke5 b4 54. Kd6 Nb5+ 55.
Kc6 Nd4+ 56. Kb6 b3 57. Nd3 Nxe2 58. Kxa6 Nd4 59. f4 Ne2 60. f5 exf5 61. gxf5 Nf4
62. Nb2 Nxh3 63. Kb5 Nf2 64. Kc4 Ng4 65. Kxb3 Ne3 66. f6 g5 67. Kc3 Kg6 68. Kd4 Ng4
69. Nd3 Kxf6 70. Ke4 Kg6 71. Kf3 f5 72. Kg3 h5 73. Kf3 h4 74. Nc5 h3 75. Kg3 h2 76.
Kg2 f4 77. Nb3 f3+ 78. Kh1 Kh5 79. Nd2 f2 80. Nf1 Kh4 81. Ng3 Kh3 82. Nf1 Ne5 83.
Ng3 g4 84. Nf1 Nf3 85. Ng3 Ng1 86. Nf1 Nf3 87. Ng3 Kh4 88. Nf1 Kg5 89. Kg2 Kf4 90.
Ng3 Ke3 91. Nf1+ Ke2 92. Ng3+ Ke1 93. Kh1 Nd2 94. Kxh2 f1=Q 95. Nxf1 Nxf1+ 96. Kg2
Ne3+ 97. Kg3 Ke2 98. Kh2 Kf2 99. Kh1 Nf5 100. Kh2 g3+ 101. Kh3 g2 102. Kg4 g1=Q+
103. Kh3 Qg3#  0-1

[Event "1. OEsterreichische Internet Schach Meisterschaft - Vorrunde 3"]
[Site "Online - Playchess.com"]
[Date ""]
[Round "1"]
[Board "33"]
[White "Gallob, Marko"]
[Black "Wohlfahrt, Herbert"]
[Result "0-1"]
[WhiteElo "1961"]
[BlackElo "2285"]
[PlyCount "96"]
[EventDate "2020.04.17"]
[EventRounds "9"]
[EventCountry "AUT"]

1. e4 c5 2. Nf3 e6 3. d4 cxd4 4. Nxd4 a6 5. Bc4 Qc7 6. Bb3 Nf6 7. Nc3 Bb4 8. Qd3
b5 9. O-O Bb7 10. f3 O-O 11. Kh1 Nc6 12. Nde2 Ne5 13. Qe3 Ng6 14. Qf2 Rac8 15. Bg5
Be7 16. Be3 d6 17. Bb6 Qc6 18. Be3 Ne5 19. Nd4 Qd7 20. Rad1 Nc4 21. Bxc4 Rxc4 22.
e5 Nd5 23. Nxd5 Bxd5 24. b3 Rcc8 25. f4 Qc7 26. Nf3 Qxc2 27. Rd2 Qc6 28. f5 Bxf3
29. gxf3 exf5 30. Rg1 dxe5 31. Qg3 g6 32. Qxe5 Qxf3+ 33. Rdg2 Qe4 34. Qg3 Bh4 35.
Qh3 Rc2 36. Bh6 Rfc8 37. a4 Rxg2 38. Qxg2 Qxg2+ 39. Kxg2 bxa4 40. bxa4 Bf6 41. Be3
Kg7 42. Rd1 Rc4 43. Rd6 Rxa4 44. Bc5 g5 45. Rd5 f4 46. h4 h6 47. Rd2 Rc4 48. Bf8+
Kxf8  0-1

[Event "1. OEsterreichische Internet Schach Meisterschaft - Vorrunde 3"]
[Site "Online - Playchess.com"]
[Date ""]
[Round "1"]
[Board "34"]
[White "Schroettner, Martin"]
[Black "Hofmann, Thomas"]
[Result "1/2-1/2"]
[WhiteElo "1934"]
[BlackElo "2215"]
[PlyCount "94"]
[EventDate "2020.04.17"]
[EventRounds "9"]
[EventCountry "AUT"]

1. Nf3 c5 2. c4 g6 3. Nc3 Bg7 4. g3 Nc6 5. Bg2 e5 6. d3 Nge7 7. O-O O-O 8. a3 d6
9. e4 a5 10. h3 Rb8 11. Be3 f6 12. Qd2 Be6 13. Bh6 Qd7 14. Bxg7 Kxg7 15. Kh2 Nd4
16. Nxd4 cxd4 17. Nb5 b6 18. b4 Nc6 19. Rab1 axb4 20. axb4 Ra8 21. Ra1 g5 22. f4
h6 23. f5 Bf7 24. Rfb1 Rfb8 25. Qb2 Kf8 26. Ra2 Ke7 27. Rba1 Qb7 28. Bf3 Rxa2 29.
Rxa2 Ra8 30. Ra3 Be8 31. Qb3 Ra6 32. Rxa6 Qxa6 33. Nc7 Qa1 34. Nd5+ Kf7 35. Nxb6
Kg7 36. c5 Bf7 37. Nd5 dxc5 38. bxc5 Qc1 39. Qb6 Qd2+ 40. Bg2 Bxd5 41. exd5 Nb4 42.
Qc7+ Kg8 43. Qd8+ Kf7 44. Qd7+ Kf8 45. Qd8+ Kf7 46. Qd7+ Kf8 47. Qd8+ Kf7  1/2-1/2

[Event "1. OEsterreichische Internet Schach Meisterschaft - Vorrunde 3"]
[Site "Online - Playchess.com"]
[Date ""]
[Round "1"]
[Board "35"]
[White "Tischler, Michel"]
[Black "Gelbenegger, Patrick"]
[Result "0-1"]
[WhiteElo "1517"]
[BlackElo "2240"]
[PlyCount "64"]
[EventDate "2020.04.17"]
[EventRounds "9"]
[EventCountry "AUT"]

1. e4 e5 2. Nf3 Nc6 3. Bb5 a6 4. Ba4 Nf6 5. O-O b5 6. Bb3 Be7 7. d3 d6 8. h3 Na5
9. Nc3 O-O 10. Re1 h6 11. Bd2 Nxb3 12. axb3 Bb7 13. Re3 Qd7 14. Ne2 Nh5 15. Ng3 Nxg3
16. fxg3 f5 17. Re1 Rf7 18. Qe2 Raf8 19. c4 c5 20. Bc3 b4 21. Bd2 Qe6 22. Rf1 Qg6
23. Be1 fxe4 24. dxe4 Bxe4 25. Rxa6 Bd3 26. Qf2 Bxf1 27. Qxf1 e4 28. Qe2 exf3 29.
Qf2 Bf6 30. Kh2 Bd4 31. Qd2 f2 32. Bxf2 Bxf2  0-1

[Event "1. OEsterreichische Internet Schach Meisterschaft - Vorrunde 3"]
[Site "Online - Playchess.com"]
[Date ""]
[Round "1"]
[Board "37"]
[White "Neubauer, Anton"]
[Black "Brod, Manfred"]
[Result "0-1"]
[WhiteElo "1879"]
[BlackElo "2211"]
[PlyCount "55"]
[EventDate "2020.04.17"]
[EventRounds "9"]
[EventCountry "AUT"]

1. e4 e6 2. Nf3 d5 3. exd5 exd5 4. d4 Bd6 5. Bd3 c6 6. O-O Ne7 7. Re1 Bg4 8. h3 Bh5
9. c4 Nd7 10. cxd5 cxd5 11. Nc3 Nb6 12. Bg5 O-O 13. g4 Bg6 14. Bxg6 fxg6 15. Kg2
h6 16. Bh4 a6 17. Qc2 g5 18. Bg3 Bxg3 19. fxg3 Nc4 20. b3 Nd6 21. Re6 Qd7 22. Qe2
Ne4 23. Re5 Nc6 24. Rxd5 Nxc3 25. Qc4 Qxd5 26. Qxc3 Rae8 27. Rd1 Re2+ 28. Kg1  0-1

[Event "1. OEsterreichische Internet Schach Meisterschaft - Vorrunde 3"]
[Site "Online - Playchess.com"]
[Date ""]
[Round "1"]
[Board "38"]
[White "Kravanja, Georg"]
[Black "Virag, Herbert"]
[Result "1-0"]
[WhiteElo "2199"]
[BlackElo "1776"]
[PlyCount "55"]
[EventDate "2020.04.17"]
[EventRounds "9"]
[EventCountry "AUT"]

1. d4 d5 2. c4 Nc6 3. Nc3 Nf6 4. Nf3 dxc4 5. Bg5 e6 6. e4 Na5 7. e5 Be7 8. exf6 gxf6
9. Be3 c6 10. Be2 b5 11. O-O Bb7 12. Ne4 f5 13. Ng3 h5 14. Re1 h4 15. Nf1 Qc7 16.
Qd2 Bd6 17. Ne5 c5 18. f4 h3 19. dxc5 Bxe5 20. fxe5 hxg2 21. Ng3 Rd8 22. Qc3 f6 23.
Rad1 Rxd1 24. Rxd1 Rxh2 25. Kxh2 Qh7+ 26. Kg1 Qh1+ 27. Kf2 Qxd1 28. Bxd1  1-0

[Event "1. OEsterreichische Internet Schach Meisterschaft - Vorrunde 3"]
[Site "Online - Playchess.com"]
[Date ""]
[Round "1"]
[Board "39"]
[White "Schein, Karl-Heinz"]
[Black "Wurzer, Gerhard"]
[Result "1-0"]
[WhiteElo "2187"]
[BlackElo "1889"]
[PlyCount "91"]
[EventDate "2020.04.17"]
[EventRounds "9"]
[EventCountry "AUT"]

1. e4 c6 2. d4 d6 3. Nf3 Qc7 4. c3 e5 5. Be2 Nf6 6. Nbd2 Nbd7 7. O-O Be7 8. Re1 Nf8
9. Qc2 Ng6 10. Nf1 O-O 11. Ng3 Re8 12. Nf5 Bf8 13. Bg5 Bd7 14. Bxf6 gxf6 15. Bc4
a5 16. a4 Rab8 17. g3 Be6 18. Bf1 b5 19. axb5 cxb5 20. Qd2 a4 21. h4 Qc8 22. h5 Ne7
23. g4 Bxf5 24. gxf5 Kh8 25. Rad1 Ng8 26. dxe5 fxe5 27. Qd5 Qb7 28. Qxb7 Rxb7 29.
Rd5 Reb8 30. Ng5 Nf6 31. Rd3 Bh6 32. Nf3 Nxh5 33. Nh2 Nf4 34. Rg3 Rg8 35. Ng4 Bf8
36. Rd1 h5 37. Nf6 Rxg3+ 38. fxg3 Be7 39. Ne8 Rb8 40. Nxd6 Rg8 41. Nxf7+ Kh7 42.
Nxe5 h4 43. Rd7 Rg7 44. f6 Bxf6 45. Rxg7+ Bxg7 46. gxf4  1-0

[Event "1. OEsterreichische Internet Schach Meisterschaft - Vorrunde 3"]
[Site "Online - Playchess.com"]
[Date ""]
[Round "1"]
[Board "41"]
[White "Mittelberger, Peter"]
[Black "Pernerstorfer, Max"]
[Result "0-1"]
[WhiteElo "2176"]
[BlackElo "1985"]
[PlyCount "40"]
[EventDate "2020.04.17"]
[EventRounds "9"]
[EventCountry "AUT"]

1. c4 Nf6 2. Nc3 g6 3. g3 Bg7 4. Bg2 O-O 5. e3 d6 6. Nge2 e5 7. O-O c6 8. b4 a5 9.
b5 Qc7 10. a4 h5 11. h3 Be6 12. d3 Nbd7 13. bxc6 bxc6 14. Ba3 Rab8 15. Qc2 Nc5 16.
Rfb1 Rfd8 17. Kh2 Na6 18. Rxb8 Rxb8 19. Rb1 Nb4 20. Ne4 Nxc2  0-1

[Event "1. OEsterreichische Internet Schach Meisterschaft - Vorrunde 3"]
[Site "Online - Playchess.com"]
[Date ""]
[Round "1"]
[Board "42"]
[White "Bachlechner, Julian"]
[Black "Frank, Paul"]
[Result "0-1"]
[WhiteElo "2214"]
[BlackElo "2208"]
[PlyCount "118"]
[EventDate "2020.04.17"]
[EventRounds "9"]
[EventCountry "AUT"]

1. d4 Nf6 2. c4 g6 3. b3 Bg7 4. Bb2 d5 5. e3 O-O 6. Nf3 c5 7. Be2 dxc4 8. bxc4 Ne4
9. O-O Nc6 10. Nbd2 Nxd2 11. Qxd2 cxd4 12. exd4 Bg4 13. d5 Bxb2 14. Qxb2 Na5 15.
Qb4 b6 16. c5 Bxf3 17. Bxf3 bxc5 18. Qxc5 Nb7 19. Qe3 Nd6 20. Rfe1 Re8 21. Rac1 Qb6
22. Rc6 Qxe3 23. fxe3 Rab8 24. e4 Rb2 25. e5 Nf5 26. Rc4 Rxa2 27. g4 Nh4 28. Bh1
g5 29. Rce4 Rd2 30. Ra4 Ng6 31. Rxa7 Nf4 32. Ra3 Kg7 33. Rf3 Rb8 34. h4 h6 35. hxg5
hxg5 36. Rfe3 Rh8 37. Rf3 Nxd5 38. e6 f6 39. Rf2 Rxf2 40. Kxf2 Nf4 41. Be4 Rb8 42.
Rh1 Rh8 43. Rxh8 Kxh8 44. Bf5 Kg7 45. Kf3 Kf8 46. Ke4 Ke8 47. Kd4 Kd8 48. Kc5 Kc7
49. Bg6 Nxe6+ 50. Kc4 Nf4 51. Bf5 Kd6 52. Bc8 e6 53. Kd4 Ng6 54. Ke4 Ne7 55. Ba6
f5+ 56. gxf5 exf5+ 57. Kf3 Ke5 58. Bc8 g4+ 59. Kg3 Nxc8  0-1

[Event "1. OEsterreichische Internet Schach Meisterschaft - Vorrunde 3"]
[Site "Online - Playchess.com"]
[Date ""]
[Round "1"]
[Board "43"]
[White "Bauer, Sebastian"]
[Black "Katter, Marlene"]
[Result "1-0"]
[WhiteElo "2237"]
[BlackElo "1609"]
[PlyCount "125"]
[EventDate "2020.04.17"]
[EventRounds "9"]
[EventCountry "AUT"]

1. e4 e6 2. d4 d5 3. Nd2 dxe4 4. Nxe4 Nd7 5. Nf3 Ngf6 6. Nxf6+ Nxf6 7. Bd3 c5 8.
dxc5 Bxc5 9. O-O O-O 10. Bg5 h6 11. Bh4 b6 12. Qe2 Bb7 13. Rad1 Qc7 14. Bxf6 gxf6
15. Be4 Bxe4 16. Qxe4 f5 17. Qe5 Qxe5 18. Nxe5 Rfd8 19. c3 f6 20. Nc6 Rxd1 21. Rxd1
a6 22. Rd7 Rc8 23. Nd8 e5 24. Ne6 Bf8 25. Kf1 Re8 26. Nc7 Re7 27. Rxe7 Bxe7 28. Nxa6
Kf7 29. Nc7 Bd6 30. Nb5 Bc5 31. b4 Be7 32. Nc7 e4 33. Ke2 Bd6 34. Nb5 Be5 35. h3
f4 36. a4 f5 37. a5 bxa5 38. bxa5 Ke6 39. a6 Bb8 40. a7 Bxa7 41. Nxa7 Kd5 42. Nb5
Kc4 43. Nd4 Kxc3 44. Nxf5 h5 45. Ng7 Kd4 46. Nxh5 Ke5 47. g3 fxg3 48. fxg3 Kf5 49.
Ke3 Ke5 50. g4 Kd5 51. Ng3 Ke5 52. Nxe4 Ke6 53. Kf4 Kf7 54. Kg5 Kg7 55. h4 Kh7 56.
h5 Kg7 57. Kf5 Kh6 58. g5+ Kg7 59. g6 Kh8 60. Kf6 Kg8 61. g7 Kh7 62. Kf7 Kh6 63.
g8=Q  1-0

[Event "1. OEsterreichische Internet Schach Meisterschaft - Vorrunde 3"]
[Site "Online - Playchess.com"]
[Date ""]
[Round "1"]
[Board "44"]
[White "Ofner, Maximilian"]
[Black "Lammer, Michael"]
[Result "1-0"]
[WhiteElo "2177"]
[BlackElo "1501"]
[PlyCount "75"]
[EventDate "2020.04.17"]
[EventRounds "9"]
[EventCountry "AUT"]

1. e4 e5 2. Nf3 d6 3. d4 exd4 4. Nxd4 Nf6 5. Nc3 Nbd7 6. Bc4 Be7 7. O-O O-O 8. Bg5
Nb6 9. Bb3 h6 10. Bf4 c5 11. Ndb5 c4 12. Ba4 Nxa4 13. Nxa4 Qa5 14. Nac3 Nxe4 15.
Nxe4 Qxb5 16. Nxd6 Bxd6 17. Qxd6 Be6 18. Qd4 Rfd8 19. Qc3 Rd7 20. Rae1 Rad8 21. Re3
g5 22. Be5 Rd1 23. Bh8 Rxf1+ 24. Kxf1 Rd1+ 25. Ke2 Bg4+ 26. f3 Bxf3+ 27. gxf3 Re1+
28. Kxe1 f6 29. Qxf6 Qd7 30. Re7 Qxe7+ 31. Qxe7 Kxh8 32. Kf2 h5 33. Ke3 c3 34. bxc3
b6 35. Ke4 a5 36. Kf5 g4 37. Kg6 gxf3 38. Qg7#  1-0

[Event "1. OEsterreichische Internet Schach Meisterschaft - Vorrunde 3"]
[Site "Online - Playchess.com"]
[Date ""]
[Round "1"]
[Board "45"]
[White "Kruckenhauser, Arthur"]
[Black "Schwarz, Benedikt"]
[Result "1-0"]
[WhiteElo "2233"]
[BlackElo "1815"]
[PlyCount "21"]
[EventDate "2020.04.17"]
[EventRounds "9"]
[EventCountry "AUT"]

1. e4 e6 2. d4 d5 3. Nd2 c5 4. exd5 Qxd5 5. Ngf3 cxd4 6. Bc4 Qd7 7. O-O Nc6 8. Nb3
Nf6 9. Nbxd4 Nxd4 10. Nxd4 Bc5 11. Bb5  1-0

[Event "1. OEsterreichische Internet Schach Meisterschaft - Vorrunde 3"]
[Site "Online - Playchess.com"]
[Date ""]
[Round "1"]
[Board "46"]
[White "Juenger, Heinz"]
[Black "Moerwald, Magdalena"]
[Result "1-0"]
[WhiteElo "2165"]
[BlackElo "1791"]
[PlyCount "109"]
[EventDate "2020.04.17"]
[EventRounds "9"]
[EventCountry "AUT"]

1. e4 c6 2. Nc3 d5 3. Nf3 dxe4 4. Nxe4 Nd7 5. Bc4 Ngf6 6. Qe2 Nxe4 7. Qxe4 Nf6 8.
Ne5 e6 9. Qe2 Bd6 10. d4 O-O 11. O-O b5 12. Bd3 Qc7 13. Bf4 Nd5 14. Bg3 Bb7 15. Rfe1
Qe7 16. a4 a6 17. c3 f6 18. Nf3 Bxg3 19. hxg3 Nb6 20. axb5 axb5 21. Rxa8 Rxa8 22.
Qxe6+ Qxe6 23. Rxe6 Ra2 24. Re2 Na4 25. c4 Ba6 26. b3 Ra1+ 27. Kh2 Nc3 28. Re8+ Kf7
29. Ra8 Ra2 30. cxb5 cxb5 31. Bxh7 b4 32. Bg8+ Kg6 33. Nh4+ Kh6 34. Nf5+ Kg6 35.
Ne3 Ra5 36. Bc4 Rh5+ 37. Kg1 Bb7 38. Ra7 Be4 39. Ra6 Kh7 40. Rb6 Na2 41. Bf7 Ra5
42. d5 Nc3 43. d6 Ra1+ 44. Kh2 Ra5 45. Rxb4 Rh5+ 46. Kg1 Ne2+ 47. Kf1 Bd3 48. Ke1
Rh1+ 49. Kd2 Ba6 50. Rh4+ Rxh4 51. gxh4 Nf4 52. d7 Nd3 53. d8=Q Nc5 54. Qg8+ Kh6
55. Qh8#  1-0

[Event "1. OEsterreichische Internet Schach Meisterschaft - Vorrunde 3"]
[Site "Online - Playchess.com"]
[Date ""]
[Round "1"]
[Board "47"]
[White "Wischounig, Laurin"]
[Black "Doskocil, Klaus"]
[Result "0-1"]
[WhiteElo "1878"]
[BlackElo "2157"]
[PlyCount "104"]
[EventDate "2020.04.17"]
[EventRounds "9"]
[EventCountry "AUT"]

1. d4 Nf6 2. c4 g6 3. Nc3 Bg7 4. e4 d6 5. Nf3 O-O 6. Be3 Ng4 7. Bg5 h6 8. Bh4 Nd7
9. h3 Ngf6 10. Be2 Kh7 11. g4 Ng8 12. Qd2 c6 13. O-O-O a6 14. Bd3 Qa5 15. Kb1 b5
16. Ne2 Qb6 17. Bg3 a5 18. h4 bxc4 19. Bxc4 Ba6 20. Bb3 Rab8 21. Rc1 a4 22. Bxa4
Bxe2 23. Qxe2 Rfc8 24. Rhd1 Qb4 25. Rc4 Qa5 26. Bb3 c5 27. Qd2 Qa6 28. Bf4 Nb6 29.
Rcc1 c4 30. Bc2 c3 31. Qd3 Nc4 32. Bb3 Rxb3 33. axb3 Ra8 34. Qxc4 Qa2+ 35. Kc2 Qxb2+
36. Kd3 Qxf2 37. Be3 Qxf3 38. Qxc3 Qxg4 39. Rg1 Qh3 40. Rcf1 Nf6 41. e5 Ng4 42. Ke2
dxe5 43. Bd2 Qh2+ 44. Kd1 f5 45. dxe5 Ra2 46. Qg3 Rxd2+ 47. Ke1 Re2+ 48. Kd1 Rd2+
49. Kc1 Rc2+ 50. Kb1 Rb2+ 51. Ka1 Ra2+ 52. Kb1 Qc2#  0-1

[Event "1. OEsterreichische Internet Schach Meisterschaft - Vorrunde 3"]
[Site "Online - Playchess.com"]
[Date ""]
[Round "1"]
[Board "49"]
[White "Nolz, Tom"]
[Black "Kranz, Armin"]
[Result "1-0"]
[WhiteElo "2157"]
[BlackElo "2119"]
[PlyCount "155"]
[EventDate "2020.04.17"]
[EventRounds "9"]
[EventCountry "AUT"]

1. c4 c5 2. b4 cxb4 3. d4 e6 4. Nf3 b6 5. a3 bxa3 6. e4 Bb7 7. d5 Bb4+ 8. Bd2 Qe7
9. Bd3 Na6 10. O-O Bxd2 11. Qxd2 Nc5 12. Bc2 e5 13. Nxa3 d6 14. Nb5 a6 15. Nc3 Nf6
16. Rfb1 O-O 17. Rxb6 Rfb8 18. Rab1 Qc7 19. h3 Bc8 20. Rxb8 Rxb8 21. Qc1 h6 22. Ne1
Nh5 23. Nd3 Nxd3 24. Bxd3 Nf4 25. Bf1 Rb7 26. Kh2 Qb8 27. Rxb7 Qxb7 28. g3 Ng6 29.
Qa3 Qb6 30. Kg2 h5 31. h4 f5 32. Be2 f4 33. Bxh5 fxg3 34. fxg3 Ne7 35. Na4 Qc7 36.
c5 dxc5 37. Qxc5 Qb7 38. d6 Nc6 39. Qd5+ Kh8 40. Be8 Nb4 41. Qxb7 Bxb7 42. Nc5 Bc6
43. d7 Bxd7 44. Bxd7 a5 45. g4 Kg8 46. g5 Kf8 47. h5 Ke7 48. Ba4 Kf7 49. Kf3 Na2
50. Kg4 Nc3 51. Bc6 Ne2 52. Bd5+ Ke7 53. Kf5 Ng3+ 54. Kg6 Kd6 55. Nb7+ Ke7 56. Nxa5
Kf8 57. Nc6 Ne2 58. Nxe5 Nf4+ 59. Kh7 Nxh5 60. Bc6 Ke7 61. Ng6+ Ke6 62. Bd5+ Kd6
63. Bb7 Ke6 64. Bc8+ Kf7 65. Bg4 Ng3 66. e5 Ne4 67. Nh8+ Kf8 68. Kg6 Kg8 69. Nf7
Nc5 70. Nd6 Kf8 71. Nf5 Ne6 72. Nd6 Nf4+ 73. Kh7 g6 74. Ne4 Ke7 75. Nf6 Kf8 76. e6
Ke7 77. Ng8+ Ke8 78. Kg7  1-0

[Event "1. OEsterreichische Internet Schach Meisterschaft - Vorrunde 3"]
[Site "Online - Playchess.com"]
[Date ""]
[Round "1"]
[Board "50"]
[White "Missethan, Michael"]
[Black "Poecksteiner, Johann"]
[Result "1-0"]
[WhiteElo "2015"]
[BlackElo "2155"]
[PlyCount "131"]
[EventDate "2020.04.17"]
[EventRounds "9"]
[EventCountry "AUT"]

1. e4 c6 2. Nc3 d5 3. Nf3 dxe4 4. Nxe4 Nf6 5. Ng3 g6 6. Bc4 Bg7 7. O-O O-O 8. d4
Nbd7 9. c3 b5 10. Bb3 c5 11. Bg5 c4 12. Bc2 Bb7 13. Re1 h6 14. Bd2 Nb6 15. Ne5 Nbd5
16. Ne4 Nxe4 17. Bxe4 Qc7 18. Bc2 a5 19. Qg4 Ra6 20. Qh3 Bc8 21. Qh4 g5 22. Qe4 Nf6
23. Qf3 Bb7 24. Qf5 e6 25. Qh3 Nd7 26. Nxd7 Qxd7 27. Qg3 Re8 28. h4 f6 29. hxg5 fxg5
30. Qg4 Rf8 31. Qh5 Rf6 32. Re3 Rd6 33. Rae1 Bd5 34. Qe2 Qf7 35. Rf1 Rf4 36. Rg3
Rh4 37. Be3 Rd8 38. Rg4 Rxg4 39. Qxg4 Rf8 40. Qg3 Qe7 41. Qg4 e5 42. dxe5 Bxe5 43.
Bd4 Qf6 44. Bxe5 Qxe5 45. Rd1 Be6 46. Qd4 Qxd4 47. Rxd4 Rb8 48. Rd6 Kg7 49. Rxe6
b4 50. Rg6+ Kf7 51. Rxh6 bxc3 52. bxc3 Rb2 53. Be4 Rxa2 54. Bd5+ Kg7 55. Ra6 Rc2
56. Bxc4 Rxc3 57. Bd5 Ra3 58. Kh2 g4 59. Be6 g3+ 60. fxg3 Ra1 61. Bd7 Kf7 62. Kh3
Ke7 63. Bb5 Kf7 64. g4 Kg7 65. Kh4 Kf8 66. Ra7  1-0

[Event "1. OEsterreichische Internet Schach Meisterschaft - Vorrunde 3"]
[Site "Online - Playchess.com"]
[Date ""]
[Round "1"]
[Board "52"]
[White "Strodl, Joachim"]
[Black "Tolstykh, Makarius"]
[Result "1-0"]
[WhiteElo "2137"]
[BlackElo "1061"]
[PlyCount "51"]
[EventDate "2020.04.17"]
[EventRounds "9"]
[EventCountry "AUT"]

1. e4 c6 2. d4 d5 3. exd5 cxd5 4. Bd3 Nc6 5. c3 Nf6 6. Bf4 e6 7. Nf3 Bd7 8. Nbd2
Be7 9. O-O O-O 10. h3 Rc8 11. Qe2 b6 12. Ba6 Ra8 13. a4 Bc8 14. Bb5 Bd7 15. Rfe1
Re8 16. Bd3 Nh5 17. Bh2 Nf6 18. Ne5 Nxe5 19. dxe5 Ne4 20. Nxe4 dxe4 21. Bxe4 Rc8
22. Rad1 Qc7 23. Bc2 Rcd8 24. Qe4 Bc6 25. Qxh7+ Kf8 26. Qh8#  1-0

[Event "1. OEsterreichische Internet Schach Meisterschaft - Vorrunde 3"]
[Site "Online - Playchess.com"]
[Date ""]
[Round "1"]
[Board "53"]
[White "Staudacher, Karl-Heinz"]
[Black "Polterauer, Chiara"]
[Result "0-1"]
[WhiteElo "1734"]
[BlackElo "2178"]
[PlyCount "80"]
[EventDate "2020.04.17"]
[EventRounds "9"]
[EventCountry "AUT"]

1. Nf3 d5 2. g3 Nf6 3. Bg2 e6 4. O-O Be7 5. b3 O-O 6. c4 c5 7. Bb2 d4 8. e3 Nc6 9.
a3 e5 10. exd4 exd4 11. d3 Bg4 12. Qc2 Qd7 13. Re1 Rfe8 14. Nbd2 Bf8 15. Nh4 Re2
16. Rxe2 Bxe2 17. Re1 Re8 18. Ne4 Nxe4 19. Rxe2 Ng5 20. Rxe8 Qxe8 21. Qd2 h6 22.
Bc1 Qe6 23. f4 Nh3+ 24. Kh1 g5 25. f5 Qf6 26. Bxh3 gxh4 27. g4 Qe5 28. Qf4 Bd6 29.
Qxe5 Nxe5 30. Bf4 f6 31. Bxh6 Nxd3 32. Bg2 Nf2+ 33. Kg1 Nxg4 34. Bd5+ Kh7 35. Bd2
Bxh2+ 36. Kg2 b6 37. Bf3 Ne5 38. Kxh2 Nxf3+ 39. Kh3 Nxd2 40. Kxh4 Nxb3  0-1

[Event "1. OEsterreichische Internet Schach Meisterschaft - Vorrunde 3"]
[Site "Online - Playchess.com"]
[Date ""]
[Round "1"]
[Board "54"]
[White "Wagner, Leopold Franziskus"]
[Black "Galler, Alexander"]
[Result "1-0"]
[WhiteElo "2168"]
[BlackElo "1772"]
[PlyCount "95"]
[EventDate "2020.04.17"]
[EventRounds "9"]
[EventCountry "AUT"]

1. e4 c5 2. Nf3 d6 3. d4 cxd4 4. Nxd4 Nf6 5. f3 e5 6. Nb3 h5 7. c4 Nc6 8. Be3 Be6
9. Nc3 Be7 10. Be2 a6 11. Nd5 Bxd5 12. cxd5 Nb8 13. Qd2 Nbd7 14. O-O O-O 15. Na5
b5 16. Nc6 Qe8 17. Rac1 Rc8 18. Qa5 Nb8 19. Nxb8 Rxb8 20. Qxa6 Qd8 21. Qc6 Qa5 22.
a3 h4 23. Rc2 Rfc8 24. Qxc8+ Rxc8 25. Rxc8+ Kh7 26. Rfc1 Nh5 27. R8c7 Bf6 28. Kf2
Nf4 29. g3 Nxe2 30. Kxe2 b4 31. Bd2 Qb5+ 32. R7c4 bxa3 33. bxa3 h3 34. a4 Qa6 35.
a5 Bd8 36. Kd3 g6 37. Ra1 Qb5 38. a6 Bb6 39. a7 Bxa7 40. Rxa7 Qb3+ 41. Rc3 Qb5+ 42.
Kc2 Kg7 43. Rcc7 Qe2 44. Rxf7+ Kg8 45. Rfc7 Qxf3 46. Rc8+ Qf8 47. Rxf8+ Kxf8 48.
Bh6+  1-0